000 00752nam a22002057a 4500
005 20241209095211.0
008 241209b ||||| |||| 00| 0 eng d
020 _a9789391155902
040 _cAL
041 _aKannada
082 _223
_a330K
_bVENB
100 _aD Venkatarao ಡಿ.ವೆಂಕಟರಾವ್
_9188701
245 _aBrahath Arthashastra
_b:Siddantha mattu neeti ಬ್ರಹತ್ ಅರ್ಥಶಾಸ್ತ್ರ:ಸಿದ್ಧಾಂತ ಮತ್ತು ನೀತಿ
260 _aBengaluru
_bMPP House
_c2024
300 _a296 p.
_bPB
_c23x15 cm.
365 _a1060
_b₹328.50
_c
_d₹450.00
_e27%
_f28-11-2024
650 _amacro economics:theory and policy
_9188702
700 _aVENKATARAO (D)
_9188703
942 _2ddc
_cBK
999 _c232292
_d232292